[Event "Sao Joao del Rei op"]
[Site "Sao Joao del Rei"]
[Date "2020.02.08"]
[Round "3"]
[White "Martinez, Augusto Gonzalez"]
[Black "De Freitas, Leandro Henrique"]
[Result "1-0"]
[WhiteElo "1772"]
[BlackElo "1587"]
[PlyCount "54"]
[EventDate "2020.02.08"]
[EventType "swiss"]
[EventRounds "5"]
[EventCountry "BRA"]
[SourceTitle "CBM 195 Extra"]
[Source "ChessBase"]
[SourceDate "2020.05.31"]
[SourceVersion "1"]
[SourceVersionDate "2020.05.31"]
[SourceQuality "1"]

1. e4 e6 2. d4 d5 3. Nd2 Nf6 4. e5 Nfd7 5. Bd3 c5 6. c3 Nc6 7. Ne2 cxd4 8. cxd4 Be7 9. 0-0 0-0 10. Kh1 f6 11. f4 f5 12. Rf3 Rf7 13. Rh3 Nf8 14. Nf3 h6 15. Qg1 Bd7 16. g4 fxg4 17. Qxg4 Kh8 18. Bd2 Nh7 19. Rg1 Qg8 20. Ng3 Raf8 21. Nh5 g5 22. fxg5 Nxg5 23. Bxg5 Rxf3 24. Rxf3 Bxg5 25. Rfg3 Ne7 26. h4 Bd2 27. Qe2 Qf7 1-0

[Event "Sao Joao del Rei op"]
[Site "Sao Joao del Rei"]
[Date "2020.02.08"]
[Round "2"]
[White "Mourao, Igor AC Lofredo"]
[Black "Martinez, Augusto Gonzalez"]
[Result "1-0"]
[WhiteElo "2135"]
[BlackElo "1772"]
[PlyCount "45"]
[EventDate "2020.02.08"]
[EventType "swiss"]
[EventRounds "5"]
[EventCountry "BRA"]
[SourceTitle "CBM 195 Extra"]
[Source "ChessBase"]
[SourceDate "2020.05.31"]
[SourceVersion "1"]
[SourceVersionDate "2020.05.31"]
[SourceQuality "1"]

1. d4 Nf6 2. c4 g6 3. Nc3 d6 4. Nf3 Bg7 5. Bf4 Nbd7 6. e3 Nh5 7. Bg5 h6 8. Bh4 g5 9. Nd2 Nhf6 10. Bg3 h5 11. h4 g4 12. Qc2 c5 13. 0-0-0 a6 14. Nde4 Nxe4 15. Nxe4 Qa5 16. Kb1 b5 17. Nxd6+ Kf8 18. Qe4 Nb6 19. dxc5 Qb4 20. Be5 Qxc5 21. Bxg7+ Kxg7 22. Qxe7 Be6 23. Ne8+ 1-0

[Event "Sudeste/Centro-Oeste-ch U2000"]
[Site "Barbacena"]
[Date "2019.10.27"]
[Round "6"]
[White "Martinez, Augusto Gonzalez"]
[Black "Souza, Marcelo Cop"]
[Result "1/2-1/2"]
[WhiteElo "1815"]
[BlackElo "1915"]
[PlyCount "73"]
[EventDate "2019.10.25"]
[EventType "swiss"]
[EventRounds "6"]
[EventCountry "BRA"]
[SourceTitle "CBM 193 Extra"]
[Source "ChessBase"]
[SourceDate "2020.01.31"]
[SourceVersion "1"]
[SourceVersionDate "2020.01.31"]
[SourceQuality "1"]

1. e4 c5 2. Nf3 e6 3. d4 cxd4 4. Nxd4 Nf6 5. Nd2 d6 6. Bd3 a6 7. 0-0 Be7 8. c3 0-0 9. Kh1 Nbd7 10. f4 Qc7 11. Qe2 g6 12. f5 e5 13. fxg6 exd4 14. gxf7+ Rxf7 15. cxd4 Rg7 16. Nc4 b5 17. Ne3 Nf8 18. a4 Rb8 19. axb5 axb5 20. Bd2 Qb7 21. Nf5 Bxf5 22. Rxf5 d5 23. e5 Ne4 24. Bh6 Rg6 25. Be3 Ne6 26. Raf1 Rf8 27. Rxf8+ Bxf8 28. Bxb5 N6g5 29. Be8 Rg7 30. e6 Qe7 31. Bxg5 Qxe6 32. Qf3 Qxe8 33. Be3 Bd6 34. Qf5 Rf7 35. Qxd5 Kg7 36. Rxf7+ Qxf7 37. Qxe4 1/2-1/2

[Event "Juiz de Fora op 1st"]
[Site "Juiz de Fora"]
[Date "2018.09.30"]
[Round "5"]
[White "Martinez, Augusto Gonzalez"]
[Black "De Sousa, Wagner Marinho"]
[Result "1-0"]
[WhiteElo "1805"]
[BlackElo "1544"]
[PlyCount "85"]
[EventDate "2018.09.29"]
[EventType "swiss"]
[EventRounds "5"]
[EventCountry "BRA"]
[SourceTitle "CBM 186 Extra"]
[Source "ChessBase"]
[SourceDate "2018.08.24"]
[SourceVersion "1"]
[SourceVersionDate "2018.08.24"]
[SourceQuality "1"]

1. d4 d5 2. Bf4 Nf6 3. e3 Bf5 4. Nd2 e6 5. f3 Bd6 6. Bg3 c5 7. c3 Nc6 8. Bf2 Qb6 9. Qc1 Rc8 10. Nb3 c4 11. Nd2 Qc7 12. Ne2 b5 13. g4 Bg6 14. h4 h5 15. g5 Nd7 16. e4 b4 17. e5 Be7 18. Bh3 bxc3 19. bxc3 0-0 20. Ng3 Rb8 21. f4 Bd3 22. Nxh5 g6 23. Nf6+ Bxf6 24. gxf6 Qb6 25. Be3 Qb2 26. Kd1 Rb6 27. h5 Rfb8 28. hxg6 Bxg6 29. Rg1 Kf8 30. Rxg6 fxg6 31. Bxe6 Qxc1+ 32. Rxc1 Ncxe5 33. fxe5 Rxe6 34. Ke2 Kf7 35. Rh1 Nf8 36. Rh8 Ree8 37. Bh6 Ke6 38. Nf3 Kf5 39. f7 Rec8 40. Ng5 Kg4 41. e6 Rb2+ 42. Ke3 Rh2 43. Rxf8 1-0

[Event "Florianopolis op 4th"]
[Site "Florianopolis"]
[Date "2018.01.22"]
[Round "5"]
[White "Martinez, Augusto Gonzalez"]
[Black "Nunes, Guilherme Sacardo T"]
[Result "1/2-1/2"]
[WhiteElo "1794"]
[BlackElo "1454"]
[PlyCount "144"]
[EventDate "2018.01.19"]
[EventType "swiss"]
[EventRounds "10"]
[EventCountry "BRA"]
[SourceTitle "EXT 2019"]
[Source "ChessBase"]
[SourceDate "2018.10.10"]
[SourceVersion "1"]
[SourceVersionDate "2018.10.10"]
[SourceQuality "1"]

1. e4 e6 2. d4 d5 3. Nd2 Nc6 4. Ngf3 Nf6 5. e5 Nd7 6. c3 f6 7. exf6 Qxf6 8. Nb3 Bd6 9. Bg5 Qf7 10. Bh4 h6 11. Be2 0-0 12. 0-0 e5 13. dxe5 Ncxe5 14. Nxe5 Nxe5 15. Bg3 c6 16. Qd4 Qc7 17. Rad1 b6 18. c4 Bb7 19. cxd5 cxd5 20. Bh5 Rf5 21. Bg4 Nxg4 22. Qxg4 Rf7 23. Rd3 Raf8 24. Bxd6 Qxd6 25. Rg3 Bc8 26. Qd4 Qf6 27. Qxf6 Rxf6 28. f3 Rc6 29. Rd1 Rc2 30. Nd2 Bf5 31. Nf1 Rxb2 32. Rxd5 Rxa2 33. Ne3 Re8 34. f4 Bc8 35. Rd1 Ra3 36. Kf2 Kh7 37. Rc1 Ra2+ 38. Kf3 Bb7+ 39. Kg4 Rf2 40. Rc7 Bc8+ 41. f5 Kh8 42. Kh5 Bxf5 43. Rcxg7 Bh7 44. Rxa7 Re5+ 45. Kh4 Rf4+ 46. Rg4 Rfe4 47. Ra8+ Re8 48. Rxe8+ Rxe8 49. Nd5 Re4 50. Nxb6 Rxg4+ 51. Kxg4 Be4 52. g3 Bc6 53. Nc4 Bd7+ 54. Kf4 Kg7 55. Ne5 Bc8 56. g4 Kf6 57. h4 Ba6 58. Nd7+ Kg6 59. Nc5 Be2 60. Ne4 Bd1 61. Nc3 Bc2 62. Nd5 Bd3 63. Ke5 Bc2 64. Ne7+ Kf7 65. Nf5 Kg6 66. Kf4 Bd1 67. h5+ Kh7 68. Ne3 Bb3 69. Ke5 Ba4 70. Kf6 Bd7 71. Ke5 Ba4 72. Nd5 Kg7 1/2-1/2

[Event "BRA-ch Amateur U2000"]
[Site "Sao Paulo"]
[Date "2017.10.14"]
[Round "6"]
[White "Ribeiro, Allysson"]
[Black "Martinez, Augusto Gonzalez"]
[Result "0-1"]
[WhiteElo "1858"]
[BlackElo "1808"]
[PlyCount "51"]
[EventDate "2017.10.12"]
[EventType "swiss"]
[EventRounds "7"]
[EventCountry "BRA"]
[SourceTitle "EXT 2019"]
[Source "ChessBase"]
[SourceDate "2018.10.10"]
[SourceVersion "1"]
[SourceVersionDate "2018.10.10"]
[SourceQuality "1"]

1. d4 Nf6 2. c4 g6 3. Nc3 Bg7 4. e4 d6 5. f4 0-0 6. Nf3 Na6 7. e5 Ne8 8. Be2 c5 9. d5 Bg4 10. 0-0 Rb8 11. h3 Bxf3 12. Rxf3 dxe5 13. fxe5 Bxe5 14. Bh6 Ng7 15. Qd2 Nc7 16. Raf1 b5 17. Ne4 Bd4+ 18. Kh1 e5 19. Nf2 Qd6 20. Nd1 e4 21. Rf4 Rbe8 22. g4 Be5 23. R4f2 b4 24. Bf4 Qe7 25. Ne3 Qd8 26. Nf5 0-1

[Event "Muriae op 4th"]
[Site "Muriae"]
[Date "2017.03.26"]
[Round "5"]
[White "Da Silva Filho, Geraldo Antonio"]
[Black "Martinez, Augusto Gonzalez"]
[Result "0-1"]
[WhiteElo "1807"]
[BlackElo "1812"]
[PlyCount "54"]
[EventDate "2017.03.25"]
[EventType "swiss"]
[EventRounds "5"]
[EventCountry "BRA"]
[SourceTitle "CBM 177 Extra"]
[Source "ChessBase"]
[SourceDate "2017.04.27"]
[SourceVersion "1"]
[SourceVersionDate "2017.04.27"]
[SourceQuality "1"]

1. d4 Nf6 2. c4 e5 3. dxe5 Ng4 4. Nf3 Bc5 5. e3 Qe7 6. Be2 Nxe5 7. 0-0 d6 8. h3 Bf5 9. Nc3 c6 10. Na4 Nbd7 11. b3 Rd8 12. Bb2 h5 13. Nxc5 dxc5 14. Qc1 g5 15. Qc3 f6 16. Nxe5 fxe5 17. f4 gxf4 18. exf4 Qe6 19. fxe5 Ke7 20. Qg3 Rdg8 21. Qh4+ Ke8 22. Rad1 Bxh3 23. Bxh5+ Rxh5 24. Qxh5+ Kd8 25. Rd2 Kc8 26. Rf7 Nf8 27. Qh7 Nxh7 0-1

[Event "Juiz de Fora op"]
[Site "Juiz de Fora"]
[Date "2016.11.05"]
[Round "3"]
[White "Rial, Antonio Marcos Pino"]
[Black "Martinez, Augusto Gonzalez"]
[Result "1-0"]
[WhiteElo "1646"]
[BlackElo "1833"]
[PlyCount "71"]
[EventDate "2016.11.04"]
[EventType "swiss"]
[EventRounds "6"]
[EventCountry "BRA"]
[SourceTitle "CBM 175 Extra"]
[Source "ChessBase"]
[SourceDate "2016.12.12"]
[SourceVersion "1"]
[SourceVersionDate "2016.12.12"]
[SourceQuality "1"]

1. d4 Nf6 2. c4 e5 3. dxe5 Ng4 4. Nf3 Nc6 5. Bf4 Bb4+ 6. Nc3 Bxc3+ 7. bxc3 Qe7 8. Qd5 f6 9. exf6 Nxf6 10. Qd1 d6 11. e3 Bg4 12. Be2 0-0 13. h3 Bh5 14. 0-0 Rae8 15. Bg5 h6 16. Bxf6 Qxf6 17. Rb1 b6 18. Qd5+ Kh8 19. Qxh5 Ne5 20. Nxe5 Rxe5 21. Qg4 Rg5 22. Qd4 Qg6 23. Bd3 Rxg2+ 24. Kh1 Qg5 25. Be4 Rgxf2 26. Rg1 Qe7 27. Rg2 Rxg2 28. Bxg2 Rf2 29. Qe4 Qxe4 30. Bxe4 Kg8 31. Kg1 Rxa2 32. Rf1 Re2 33. Bd5+ Kh7 34. Rf3 a5 35. Bc6 Rc2 36. Be4+ 1-0